Channelling youth power : (Record no. 5384)

MARC details
000 -LEADER
fixed length control field 00462 a2200157 4500
010 ## - LCCN (DPL NO)
LC control number ENG-86850
020 ## - INTERNATIONAL STANDARD BOOK NUMBER
International Standard Book Number 8178234300
Terms of availability 45.00
035 ## - SYSTEM CONTROL NUMBER
System control number EN-70383
037 ## - SOURCE OF ACQUISITION
Source of stock number/acquisition DBAD / PUB
082 14 - DEWEY DECIMAL CLASSIFICATION NUMBER
Classification number 181.45
245 1# - TITLE STATEMENT
Title Channelling youth power :
Remainder of title a vedanta kesari presentation /
260 ## - PUBLICATION, DISTRIBUTION, ETC. (IMPRINT)
Place of publication, distribution, etc Chennai
Name of publisher, distributor, etc Sri Ramakrishna Math
Date of publication, distribution, etc 2006
270 ## - ADDRESS
Address Mylapore, Chennai-4
State or province T.N.
City Chennai
300 ## - PHYSICAL DESCRIPTION
Extent 241p
Other physical details 22cm (pbk)
942 ## - ADDED ENTRY ELEMENTS (KOHA)
Institution code [OBSOLETE] dpl
Item type English Books
Source of classification or shelving scheme Dewey Decimal Classification
Classification part 181.45
Call number suffix CHA
Holdings
Withdrawn status Lost status Not for loan Collection code Home library Current library Source of acquisition Cost, normal purchase price Full call number Barcode Copy number Cost, replacement price Koha item type
    Not For Loan Non-fiction D.B.Act.Division D.B.Act.Division DBAD/PUB 45.00 181.45 CHA EN-70383 1 45.00 English Books

© Delhi Public Library
Hit Counter
free hit counter